Danmarks togstationer - Statistics

General Stats
  • This quiz has been taken 288 times
  • The average score is 91 of 308
Answer Stats
Answer % Correct
Odense
78%
København H
76%
Aalborg
75%
Køge
75%
Vejle
75%
Roskilde
74%
Fredericia
73%
Esbjerg
72%
Middelfart
70%
Nyborg
69%
Kolding
68%
Ringsted
68%
Slagelse
68%
Helsingør
67%
Hillerød
65%
Horsens
65%
Herning
64%
Tønder
64%
Næstved
63%
Sorø
63%
Korsør
62%
Østerport
62%
Silkeborg
62%
Sønderborg
62%
Svendborg
62%
Skanderborg
61%
Viborg
61%
Aarhus H
60%
Randers
60%
Hjørring
59%
Frederikssund
58%
Kalundborg
58%
Vesterport
58%
Frederikshavn
57%
Holbæk
57%
Ribe
57%
Nørreport
56%
Skagen
56%
Taastrup
56%
Hobro
55%
Høje Taastrup
55%
Nykøbing F
55%
Vordingborg
53%
Albertslund
52%
Farum
52%
Skive
52%
Struer
52%
Valby
52%
Allerød
51%
Greve
51%
Holstebro
50%
Skjern
50%
Hellerup
49%
Varde
49%
Ballerup
48%
Birkerød
48%
Ikast
48%
Ishøj
48%
Ringe
48%
Ringkøbing
48%
Ry
48%
Solrød Strand
47%
Thisted
47%
Vejen
47%
Lem
45%
Vojens
45%
Hvidovre
44%
Lemvig
44%
Brønderslev
43%
Gentofte
43%
Bramming
42%
Hedensted
42%
Herlev
42%
Holte
42%
Lyngby
42%
Rødovre
42%
Brande
41%
Gilleleje
41%
Padborg
41%
Tårnby
40%
Klampenborg
39%
Tarm
39%
Borup
38%
Hadsten
38%
Jelling
38%
Køge Nord
38%
Langå
38%
Langeskov
38%
Maribo
38%
Glostrup
37%
Nivå
37%
Nørrebro
37%
Ølstykke
37%
Fredensborg
36%
Hedehusene
36%
Nakskov
36%
Viby J
36%
Brøndby Strand
35%
Give
35%
Lunderskov
35%
Vanløse
35%
Viby S
35%
Bjerringbro
34%
Nordhavn
34%
Ny Ellebjerg
34%
Støvring
34%
Charlottenlund
33%
Rødekro
33%
Værløse
33%
Børkop
32%
Frederiksberg
32%
Nørre Aaby
32%
Flintholm
31%
Frederiksværk
31%
Nykøbing Sj
31%
Ørestad
31%
Sydhavn
31%
Gråsten
30%
Hinnerup
30%
Hørning
30%
Humlebæk
30%
Peter Bangs Vej
30%
Skørping
30%
Arden
29%
Brørup
29%
Ølby
29%
Haslev
28%
Helsinge
28%
Hundige
28%
Ryparken
28%
Sindal
28%
Svanemøllen
28%
Taulov
28%
Vallensbæk
28%
Vamdrup
28%
Virum
28%
Vrå
28%
Holsted
27%
Stenløse
27%
Tinglev
27%
Trekroner
27%
Ejby
26%
KB Hallen
26%
Tølløse
26%
Aulum
25%
Brøndbyøster
25%
Carlsberg
25%
Dybbølsbro
25%
Jyderup
25%
Kokkedal
25%
Lejre
25%
Ølgod
25%
Snekkersten
25%
Svenstrup
25%
Husum
24%
Jersie
24%
Thyregod
24%
Vildbjerg
24%
Bred
23%
Espergærde
23%
Friheden
23%
Fuglebakken
23%
Karlslunde
23%
Tjæreborg
23%
Avedøre
22%
Brejning
22%
Danshøj
22%
Faxe Ladeplads
22%
Hareskov
22%
Jægersborg
22%
Langgade
22%
Lindholm
22%
Måløv
22%
Ordrup
22%
Skærbæk
22%
Skovlunde
22%
Tommerup
22%
Vinderup
22%
Bispebjerg
21%
Buddinge
21%
Sakskøbing
21%
Ulfborg
21%
Gørding
20%
Islev
20%
Rødkærsbro
20%
Vejle Sygehus
20%
Egedal
19%
Glumsø
19%
Hårlev
19%
Høng
19%
Kibæk
19%
Sig
19%
Sjælør
19%
Sorgenfri
19%
Tolne
19%
Aalborg Vestby
18%
Aarup
18%
Årslev
18%
Bording
18%
Dyssegård
18%
Emdrup
18%
Havdrup
18%
Holme-Olstrup
18%
Jyllingevej
18%
Malmparken
18%
Skalborg
18%
Skodsborg
18%
Borris
17%
Kauslunde
17%
Næstved Nord
17%
Odense Sygehus
17%
Bagsværd
16%
Grøndal
16%
Herning Messecenter
16%
Oksbøl
16%
Svejbæk
16%
Ulstrup
16%
Vemb
16%
Vigerslev Allé
16%
Ålholm
15%
Alken
15%
Birk Centerpark
15%
Bur
15%
Fruens Bøge
15%
Hee
15%
Hjerm
15%
Humlum
15%
Hurup Thy
15%
Hvidbjerg
15%
Kværndrup
15%
Lundby
15%
Rungsted Kyst
15%
Stenstrup
15%
Stoholm
15%
Svebølle
15%
Svendborg Vest
15%
Tistrup
15%
Tønder Nord
15%
Troldhede
15%
Vangede
15%
Varde Kaserne
15%
Varde Nord
15%
Vedbæk
15%
Veksø
15%
Åmarken
14%
Engesvang
14%
Gelsted
14%
Kliplev
14%
Laven
14%
Lyngs
14%
Nærum
14%
Ribe Nørremark
14%
Vipperød
14%
Bredebro
13%
Dianalund
13%
Hviding
13%
Kvissel
13%
Rødby Færge
13%
Rudkøbing
13%
Tim
13%
Ydby
13%
CPH Airport
12%
Eskilstrup
12%
Gadstrup
12%
Gårde
12%
Hammerum
12%
Kildedal
12%
Lille Skensved
12%
Mørkøv
12%
Pederstrup
12%
Rejsby
12%
Snedsted
12%
Spangsbjerg
12%
Stenstrup Syd
12%
Døstrup Sønderjylland
11%
Hjallelse
11%
Hørdum
11%
Oddesund Nord
11%
Skovbrynet
11%
Stengården
11%
Studsgård
11%
Bedsted Thy
10%
Gjesing
10%
Kalundborg Øst
10%
Rødvig
10%
Store Heddinge
10%
Tureby
10%
Bernstoffsvej
9%
Gredstedbro
9%
Højslev
9%
Hvalsø
9%
Kildebakke
9%
Rudme
9%
Asnæs
8%
Guldager
8%
Holmstrup
8%
Sjørring
8%
Skalbjerg
8%
Søllested
8%
Visby
8%
Herfølge
7%
Regstrup
6%
Sejstrup
5%
Uglev
5%
Nørre Aslev
4%
Højby Sjælland
1%
Knabstrub
1%
No matching quizzes found
Score Distribution
Percent of People with Each Score
Percentile by Number Answered
Your Score History
You have not taken this quiz